Monuments and sites in Andaman Nicobar Islands/ (Record no. 163323)
[ view plain ]
| 000 -LEADER | |
|---|---|
| fixed length control field | 00551nam a22001817a 4500 |
| 005 - DATE AND TIME OF LATEST TRANSACTION | |
| control field | 20190410115900.0 |
| 010 ## - LCCN (DPL NO) | |
| LC control number | ENG-125035 |
| 020 ## - INTERNATIONAL STANDARD BOOK NUMBER | |
| International Standard Book Number | 9788192557533 |
| Terms of availability | 485.00 |
| 035 ## - SYSTEM CONTROL NUMBER | |
| System control number | EN-108567 |
| 037 ## - SOURCE OF ACQUISITION | |
| Source of stock number/acquisition | DBAD/PUB |
| 082 ## - DEWEY DECIMAL CLASSIFICATION NUMBER | |
| Classification number | 910 |
| 100 ## - MAIN ENTRY--PERSONAL NAME | |
| Personal name | Jha, Pushpa |
| 245 ## - TITLE STATEMENT | |
| Title | Monuments and sites in Andaman Nicobar Islands/ |
| Statement of responsibility, etc | by Pushpa Jha |
| 260 ## - PUBLICATION, DISTRIBUTION, ETC. (IMPRINT) | |
| Place of publication, distribution, etc | New Delhi |
| Name of publisher, distributor, etc | Aryan Prakashan |
| Date of publication, distribution, etc | 2015 |
| 270 ## - ADDRESS | |
| Address | H-1/48 Bengali Colony, Mahaveer Enclave (Palam) |
| City | New Delhi |
| Postal code | 110045 |
| 300 ## - PHYSICAL DESCRIPTION | |
| Extent | v; 152p. |
| Dimensions | 23(Hbk) |
| 942 ## - ADDED ENTRY ELEMENTS (KOHA) | |
| Source of classification or shelving scheme | Dewey Decimal Classification |
| Item type | English Books |
| Classification part | 910 |
| Call number suffix | JHA |
| Withdrawn status | Lost status | Not for loan | Collection code | Home library | Current library | Date acquired | Source of acquisition | Cost, normal purchase price | Full call number | Barcode | Copy number | Cost, replacement price | Koha item type |
|---|---|---|---|---|---|---|---|---|---|---|---|---|---|
| Not For Loan | Non-fiction | D.B.Act.Division | Central Library | 10/04/2019 | DBAD/PUB | 485.00 | 910 JHA | EN-108567 | 1 | 485.00 | English Books |
